000 00560ntaaa2200193 4500
003 01
005 20251027201255.0
008 0714s1973 ag 01
040 _aAR-BaBN
_bspa
_cAR-BaBN
_eaacr
_dRIC
082 _a221.0000 L82
100 _aLods, Adolphe
_99133
245 _aIsrael from its beginnings to the middle of the Eighth Century
250 _a1 ed. :
_bRoutledge and Kegan Paul Ltd.,
_cc/932, 1953
300 _axxiv, 512 p.
650 _aBiblia-Antiguo Testamento
650 _aAntiguo Testamento
650 _aReligión Hebrea
_910920
942 _cBK
999 _c7135
_d7135